Incredible light & texture in watercolor /

Bibliographic Details
Main Author: Toogood, James, 1954-
Format: Book
Language:English
Published: Cincinnati, OH : North Light Books, [2004]
Edition:1st ed.
Subjects:

MARC

Tag First Indicator Second Indicator Subfields
LEADER 00000cam a22000004a 4500
001 in00002000344
005 20151031124802.0
008 030929s2004 ohua 001 0 eng
010 |a  2003066190 
020 |a 1581804393 (alk. paper) 
035 |a (OCoLC)ocm53145432 
040 |a DLC  |c DLC  |d TXA  |d UtOrBLW 
042 |a pcc 
049 |a TXAM 
050 0 0 |a ND2420  |b .T66 2004 
082 0 0 |a 751.42/2  |2 22 
090 |a ND2420  |b .T654 2004 
100 1 |a Toogood, James,  |d 1954- 
245 1 0 |a Incredible light & texture in watercolor /  |c James Toogood. 
246 3 |a Incredible light and texture in watercolor 
250 |a 1st ed. 
264 1 |a Cincinnati, OH :  |b North Light Books,  |c [2004] 
264 4 |c ©2004 
300 |a 127 pages :  |b color illustrations ;  |c 29 cm. 
336 |a text  |b txt  |2 rdacontent 
337 |a unmediated  |b n  |2 rdamedia 
338 |a volume  |b nc  |2 rdacarrier 
500 |a Includes index. 
650 0 |a Watercolor painting  |x Technique. 
650 0 |a Light in art. 
650 0 |a Texture (Art) 
948 |a cataloged  |b h  |c 2004/10/22  |d c  |e jgreene  |f 2:36:03 pm 
994 |a E0  |b TXA 
999 |a MARS 
999 f f |s eaffca39-713a-3200-a998-695a9ffac061  |i c37698dd-209b-3183-8e81-ad4d27370099  |t 0 
952 f f |p normal  |a Texas A&M University  |b College Station  |c Sterling C. Evans Library  |d Evans: Library Stacks  |t 0  |e ND2420 .T654 2004  |h Library of Congress classification  |i unmediated -- volume  |m A14832277999 
998 f f |a ND2420 .T654 2004  |t 0  |l Evans: Library Stacks